De quan les besties parlaven / per en Manel Folch i Torres y ab ilustracions den J. Llaverias

por Folch i Torres, Manuel

Publicado: Barcelona : J. Baguñá , 1907
Descripción Física: 99 p. ; 22 cm
Otros Autores: Llaverias, Joan
Materias: Contes infantils

MARC

LEADER 00000nam a2200000Ia 4500
001 13185
008 160829s1907 xx 000 0 cat d
080 |a L-1-353 
100 |a Folch i Torres, Manuel  |9 37234 
245 |a De quan les besties parlaven / per en Manel Folch i Torres y ab ilustracions den J. Llaverias 
260 |a Barcelona :  |b J. Baguñá,  |c 1907 
300 |a 99 p. ;  |c 22 cm 
490 |a Biblioteca Patufet ; 2 
590 |a Conté : Endressa ; El cervo y la tortuga ; La cigonya, la llebra y el crocodrill ; L'elefant y el borinot ; El camell, el dromedari y la daina ; El pahó, l'oca, la rata sabia y les gallines aduladores ; El gat y la rata ; Rat - penat gran y rat - penat xich ; El peix - espasa, el tauró y els peixos mofetes ; L'òliva y el gos de S. Roch ; Les cebres y el cavallet ; El lleó dels desert y l'ossa de las neus 
655 0 |a Contes infantils  |9 67183 
700 |a Llaverias, Joan  |9 37235 
901 |a Arxiu 
942 |n 1 
952 |0 0  |1 0  |4 0  |6 L1353  |7 1  |9 49242  |a Arxiu  |b Arxiu  |d 2016-12-01  |l 0  |o L-1-353  |p 13185  |r 2016-12-01 00:00:00  |w 2016-12-01  |y ARXIU 
999 |c 53082  |d 53082